United Arab Emirates / (Record no. 5385)

MARC details
000 -LEADER
fixed length control field 01165nam a22002777a 4500
001 - CONTROL NUMBER
control field 5385
003 - CONTROL NUMBER IDENTIFIER
control field FISKH
005 - DATE AND TIME OF LATEST TRANSACTION
control field 20241129152103.0
008 - FIXED-LENGTH DATA ELEMENTS--GENERAL INFORMATION
fixed length control field 241129b cb ||||| |||| 00| 0 eng d
020 ## - INTERNATIONAL STANDARD BOOK NUMBER
International Standard Book Number 9780531213612
040 ## - CATALOGING SOURCE
Original cataloging agency FISKH
Language of cataloging eng
Transcribing agency FISKH
Modifying agency FISKH
050 ## - LIBRARY OF CONGRESS CALL NUMBER
Classification number DS247.T8
082 ## - DEWEY DECIMAL CLASSIFICATION NUMBER
Classification number 953.57
100 ## - MAIN ENTRY--PERSONAL NAME
Personal name Bryan, Antonia D.
245 ## - TITLE STATEMENT
Title United Arab Emirates /
Statement of responsibility, etc. by Antonia D. Bryan
260 ## - PUBLICATION, DISTRIBUTION, ETC.
Place of publication, distribution, etc. New York :
Name of publisher, distributor, etc. Children's Press ;
Date of publication, distribution, etc. 2009 .
300 ## - PHYSICAL DESCRIPTION
Extent 48 pages :
Other physical details color illustrations ;
Dimensions 22 cm .
490 ## - SERIES STATEMENT
Series statement A Ture Book
505 ## - FORMATTED CONTENTS NOTE
Formatted contents note S <br/>
520 ## - SUMMARY, ETC.
Summary, etc. - Clean new design for easy readability and comprehension- Updated text presented in a lively, continuous narrative- New center-spread sidebar feature presenting material in a fun, creative way- Excellent age-appropriate introduction to curriculum-relevant subjects- Important Words glossary clarifies subject-specific vocabulary- Resources section encourages independent study- Index makes navigating subject matter easy
521 8# - TARGET AUDIENCE NOTE
Target audience note 790 <br/>
Source Lexile <br/>
521 8# - TARGET AUDIENCE NOTE
Target audience note S <br/>
Source Raz-Plus <br/>
650 ## - SUBJECT ADDED ENTRY--TOPICAL TERM
Topical term or geographic name entry element United Arab Emirates
Form subdivision Juvenile literature
942 ## - ADDED ENTRY ELEMENTS (KOHA)
Source of classification or shelving scheme Dewey Decimal Classification
Koha item type Books
Suppress in OPAC No
Holdings
Withdrawn status Lost status Source of classification or shelving scheme Damaged status Not for loan Collection Home library Current library Shelving location Date acquired Total Checkouts Full call number Barcode Date last seen Copy number Price effective from Koha item type
    Dewey Decimal Classification     Non-Fiction Footprints International School Library Network Toul Tom Poung Campus Footprints International School Library Network Toul Tom Poung Campus TTP Secondary Non-Fiction Bookshelves 11/29/2024   BRY 953.57 DS247.T8 FISSE00799 11/29/2024 1 11/29/2024 Books
    Dewey Decimal Classification     Non-Fiction Footprints International School Library Network Toul Tom Poung Campus Footprints International School Library Network Toul Tom Poung Campus TTP Secondary Non-Fiction Bookshelves 06/23/2025   BRY 953.57 DS247.T8 FIS04613 06/23/2025 2 06/23/2025 Books